00905nam a22002417a 4500003000400000005001700004008003400021020001500055040002500070245006300095260006400158300002100222500005800243504003300301700003400334700005300368700003400421700003100455700004200486942001400528952010400542999001700646OSt20201022143501.0201022b 2007 dr 00| 0 eng d a9789945130 aDO-SdBNPbspacBNPHU00aFundamentación de recursos /cMilena Conejo ... [et al.] aSanto Domingo : bEscuela Nacional de la Judicatura,c2007. a575 P. c28 CM.  aLa biblioteca posee ta tercera reimpresión del 2010 aBibliografía : p. 572-575 1 aConejo Aguilar, Milena9769941 aCorsino Núñez de Almonacid, Aylin J. 9769951 aCuriel Durán, Ramona9769961 aGarcía, Guillermo9769971 aSantos Hiciano, José de los 976998 2ddccLBS1 00102ddc708MOaBNPHUbPDcCTd2020-10-22eDomínico Americano l0r2020-10-22w2020-10-22yLBS1 c48946d48946